000 00517nam a2200181Ia 4500
001 11953
005 20260306162906.0
008 260306t2024||||xx |||||||||||||| ||spa||
041 _aESP
082 _aHR 330
_bN° 42 DIC 2024 CA
110 _aCámara de Comercio e Industria de Arequipa
245 0 _aCámara AQP :
_brevista institucional de la Cámara de Comercio e Industria de Arequipa
260 _c2024
300 _a82 páginas :
_c29 cm.
650 _aGEN
654 _aCAN
942 _cREV
_dJUS
_fJUS
_2ddc
_n
999 _c11953
_d11953